Ikigai (Record no. 4776)

MARC details
000 -CABECERA
campo de control de longitud fija 02122pam a2200409 i 4500
001 - NÚMERO DE CONTROL
campo de control 990209662320107026
003 - IDENTIFICADOR DEL NÚMERO DE CONTROL
campo de control UkOxU
005 - FECHA Y HORA DE LA ÚLTIMA TRANSACCIÓN
campo de control 20250619132140.0
008 - DATOS DE LONGITUD FIJA--INFORMACIÓN GENERAL
campo de control de longitud fija 170503s2017 enka b 000|0|eng|d
015 ## - NÚMERO DE BIBLIOGRAFÍA NACIONAL
Número de bibliografía nacional GBB7B4372
Fuente bnb
016 7# - NÚMERO DE CONTROL DE UNA AGENCIA BIBLIOGRÁFICA NACIONAL
Número de control del registro 018408849
Fuente Uk
020 ## - NÚMERO INTERNACIONAL ESTÁNDAR DEL LIBRO
Número Internacional Estándar del Libro 9781786330895 (hbk.) :
Condiciones de disponibilidad Đ12.99
020 ## - NÚMERO INTERNACIONAL ESTÁNDAR DEL LIBRO
ISBN cancelado o inválido 9781473539600 (ePub ebook) :
Condiciones de disponibilidad Đ12.99
035 ## - NÚMERO DE CONTROL DEL SISTEMA
Número de control de sistema (UkOxU)020966232
035 ## - NÚMERO DE CONTROL DEL SISTEMA
Número de control de sistema (UkOxU)020966232BIB01
035 ## - NÚMERO DE CONTROL DEL SISTEMA
Número de control de sistema (Uk)018408849
040 ## - FUENTE DE LA CATALOGACIÓN
Centro catalogador/agencia de origen StDuBDS
Lengua de catalogación eng
Normas de descripción rda
Centro/agencia transcriptor StDuBDS
Centro/agencia modificador Uk
041 1# - CÓDIGO DE LENGUA
Código de lengua del texto/banda sonora o título independiente English
Código de lengua original Spanish
042 ## - CÓDIGO DE AUTENTICACIÓN
Código de autenticación ukblcatcopy
100 ## - ENTRADA PRINCIPAL--NOMBRE DE PERSONA
Nombre de persona García, Héctor,
Fechas asociadas al nombre 1981-
Término indicativo de función/relación author.
240 10 - TÍTULO UNIFORME
Título uniforme Ikigai.
Lenguaje de la obra English
245 10 - MENCIÓN DE TÍTULO
Título Ikigai
Resto del título : the Japanese secret to a long and happy life
Mención de responsabilidad, etc. / Héctor García and Francesc Miralles ; translated by Heather Cleary.
264 #1 - PRODUCCIÓN, PUBLICACIÓN, DISTRIBUCIÓN, FABRICACIÓN Y COPYRIGHT
Producción, publicación, distribución, fabricación y copyright London :
Nombre del de productor, editor, distribuidor, fabricante Hutchinson,
Fecha de producción, publicación, distribución, fabricación o copyright 2017.
300 ## - DESCRIPCIÓN FÍSICA
Extensión 194 pages :
Otras características físicas illustrations (black and white) ;
Dimensiones 19 cm
500 ## - NOTA GENERAL
Nota general Translated from the Spanish.
500 ## - NOTA GENERAL
Nota general This translation originally published: New York: Penguin Books.
500 ## - NOTA GENERAL
Nota general Formerly CIP.
Institución que aplica el campo Uk
504 ## - NOTA DE BIBLIOGRAFÍA, ETC.
Nota de bibliografía, etc. Includes bibliographical references.
520 ## - SUMARIO, ETC.
Sumario, etc. We all have an ikigai.<br/><br/>It''s the Japanese word for ''a reason to live'' or ''a reason to jump out of bed in the morning''.<br/><br/>It''s the place where your needs, desires, ambitions, and satisfaction meet. A place of balance. Small wonder that finding your ikigai is closely linked to living longer.<br/><br/>Finding your ikigai is easier than you might think. This book will help you work out what your own ikigai really is, and equip you to change your life. You have a purpose in this world: your skills, your interests, your desires and your history have made you the perfect candidate for something. All you have to do is find it.<br/><br/>Do that, and you can make every single day of your life joyful and meaningful.
650 #0 - PUNTO DE ACCESO ADICIONAL DE MATERIA--TÉRMINO DE MATERIA
Término de materia o nombre geográfico como elemento de entrada Self-actualization (Psychology)
9 (RLIN) 7023
650 #0 - PUNTO DE ACCESO ADICIONAL DE MATERIA--TÉRMINO DE MATERIA
Término de materia o nombre geográfico como elemento de entrada Happiness
Subdivisión geográfica Japan.
650 #0 - PUNTO DE ACCESO ADICIONAL DE MATERIA--TÉRMINO DE MATERIA
Término de materia o nombre geográfico como elemento de entrada Longevity
Subdivisión geográfica Japan.
650 #0 - PUNTO DE ACCESO ADICIONAL DE MATERIA--TÉRMINO DE MATERIA
Término de materia o nombre geográfico como elemento de entrada Well-being
Subdivisión geográfica Japan.
700 ## - ENTRADA AGREGADA--NOMBRE PERSONAL
Nombre de persona Miralles, Francesc,
Fechas asociadas al nombre 1968-
Término indicativo de función/relación author.
700 ## - ENTRADA AGREGADA--NOMBRE PERSONAL
Nombre de persona Cleary, Heather,
Término indicativo de función/relación translator.
9 (RLIN) 25535
942 ## - ELEMENTOS DE ENTRADA AGREGADA (KOHA)
Fuente del sistema de clasificación o colocación Clasificación de Library of Congress
Holdings
Estado de retiro Estado de pérdida Fuente del sistema de clasificación o colocación Estado dañado No para préstamo Biblioteca de origen Biblioteca actual Fecha de adquisición Total de préstamos Signatura topográfica completa Código de barras Fecha visto por última vez Fecha del último préstamo Número de copia Precio válido a partir de Tipo de ítem Koha
    Clasificación de Library of Congress     TBS Barcelona TBS Barcelona 19/06/2025 1 BJ1589 GAR B05794 29/04/2026 14/04/2026 1 19/06/2025 Book

Powered by Koha